000 00516nam a2200169Ia 4500
008 180921t2020 xxu||||| |||| 00| 0 sin d
041 _asin
080 _a133.52
_bඩයස්
100 _aඩයස්, ඒ.ඒ. කමල් නරසිංහ
245 _aජ්‍යොතිෂ අත්වැල
246 _aJyotiṣa atvela
260 _bකර්තෘ
_aමාවතගම
_c2020
300 _bපි.113, සෙ.මී.21
942 _cBK
999 _c6776
_d6776
003 LK-CoDNM
040 _aLK-CoDNM
_dLK-CoDNM
_eLK-CoDNM